Normal view
MARC view
- عبد البديع، محمد
Entry Personal Name
001 - CONTROL NUMBER
- control field: 13386
003 - CONTROL NUMBER IDENTIFIER
- control field: JO-AjAnu
005 - DATE AND TIME OF LATEST TRANSACTION
- control field: 20230606072436.0
008 - FIXED-LENGTH DATA ELEMENTS
- fixed length control field: 230606|| aca||aabn | a|a d
040 ## - CATALOGING SOURCE
- Original cataloging agency: JO-AjAnu
- Transcribing agency: JO-AjAnu
100 ## - HEADING--PERSONAL NAME
- Personal name: عبد البديع، محمد
670 ## - SOURCE DATA FOUND
- Source citation: Work cat.: (JO-AjAnu)6888: عبد البديع، محمد, author, مختصر النحو العربي: عرض مبسط وافٍ مع دراسة موضحة للقواعد بأمثلة معربة